Education and Training in Sri Lanka: (An Asian Development Bank Sponsored Project) (Record no. 1802)
[ view plain ]
| 000 -LEADER | |
|---|---|
| fixed length control field | 004390000a22001210004500 |
| 008 - FIXED-LENGTH DATA ELEMENTS--GENERAL INFORMATION | |
| fixed length control field | 230817t ||||| |||| 00| 0 eng d |
| 082 ## - DEWEY DECIMAL CLASSIFICATION NUMBER | |
| Classification number | 370.954 |
| Item number | EDU |
| 942 ## - ADDED ENTRY ELEMENTS (KOHA) | |
| Item Type | Reports |
| 245 ## - TITLE STATEMENT | |
| Title | Education and Training in Sri Lanka: (An Asian Development Bank Sponsored Project) |
| Sub Title | Annexures (Vital Selected Statistics): |
| Number of Part | Vol. 4 |
| 260 ## - PUBLICATION, DISTRIBUTION, ETC. (IMPRINT) | |
| Name of Publisher | Educational Consultants India Limited |
| Place of Publication | India (New Delhi) |
| Date of Copyright | 1989 |
| 300 ## - PHYSICAL DESCRIPTION | |
| Extent | 211 p. |
| 650 ## - SUBJECT ADDED ENTRY--TOPICAL TERM | |
| Topical Term | EDUCATION-Sri Lanka |
| Withdrawn status | Lost status | Source of classification or shelving scheme | Damaged status | Not for loan | Permanent location | Current location | Date acquired | Total Checkouts | Full call number | Barcode | Date last seen | Price effective from | Koha item type |
|---|---|---|---|---|---|---|---|---|---|---|---|---|---|
| Dewey Decimal Classification | Resource center, Muslim Women's Research And Action Forum | Resource center, Muslim Women's Research And Action Forum | 2023-08-17 | 370.954 EDU | RAF4412 | 2023-08-17 | 2023-08-17 | Reports |

